000 00677cam a2200229 4500
001 J1613
008 090401t1993 xxu||||| |||| 00| 0 eng d
035 _a(Sirsi) u44453
041 _aeng
110 _aEurope
_bEuropean Communities Commission
_9698
245 _aPublic access to the institution`s documents: communication to the Council, the Parliament and the Economic and Social Committee
260 _c1993
300 _a17p. ; 30cm.
350 _a0
490 _aCOM
_v(93) 191 final
520 _aIssued 5 May 1993.
650 _aACCESS TO INFORMATION
650 _aEUROPEAN COMMUNITY
690 _aEUROPE-SINGLE MARKET
942 _n0
948 _c04/03/1997
999 _c91535
_d91535